00624cam a2200169 a 4500020003200000040000800032082002600040100002300066245005800089260004600147300008100193500002000274650001600294700002500310856006000335856005900395 a0471401420 (acidfree paper) cBGU a519 JOH 2003 A029 Or.1 aPelosi, Marilyn K.10aElementary statistics :bfrom discovery to decision / aHoboken, NJ :bJohn Wiley & Sons,cc2003. a1 v. (various pagings) :bill. (some col.) ;c29 cm. +e1 CD-ROM (4 3/4 in.) aIncludes index. 0aStatistics.1 aSandifer, Theresa M.42uhttp://www.loc.gov/catdir/bios/wiley042/2003271891.html41uhttp://www.loc.gov/catdir/toc/wiley032/2003271891.html